00768nam a2200217Ia 4500008004100000020001500041040001800056041000800074100001800082245015100100260005300251300001800304490003100322504002200353600005800375650001500433650001600448650002600464700003400490700002600524130821s1997 sp gr spa  a8477310475 aCo-BoUCMbspa00aspa1 aPolanyi, Karl13aLa gran transformación crítica del liberalismo económicocKarl Polanyi ; presentación y traducción Julia Varela y Fernando Alvarez-Uria aMadrid (España)bEdiciones de la piquetac1997 a466 páginas aGenealogía del poderv17 aIncluye índices aMill, John Stuartd1806-1873xPensamiento económico04aEconomía04aLiberalismo04aSistemas económicos1 aAlvarez-Uria, Fernandoetrad.1 aVARELA, Julia.etrad.